Studies in algebra and number theory
Đã lưu trong:
| Tác giả chính: | |
|---|---|
| Định dạng: | Sách |
| Ngôn ngữ: | Tiếng Anh |
| Được phát hành: |
Nueva York
Academic Press
1979
|
| Loạt: | Advances in Mathematics Suplementary Studies, 6
|
| Những chủ đề: | |
| Các nhãn: |
Thêm thẻ
Không có thẻ, Là người đầu tiên thẻ bản ghi này!
|
MARC
| LEADER | 00000nam a2200000 a 4500 | ||
|---|---|---|---|
| 001 | UCP2994 | ||
| 003 | CL-VaPUC | ||
| 008 | 990604e19790000US |||||||||||||||||eng|d | ||
| 082 | 0 | 4 | |a 512 |b ROT |2 21 |
| 100 | 0 | |a Rota, Gian-Carlo |e author |9 430051 | |
| 245 | 1 | 0 | |a Studies in algebra and number theory |
| 300 | |a 369 p | ||
| 942 | |c BK | ||
| 945 | |d 19990604 00:00:00 |a crobeson | ||
| 260 | |a Nueva York |b Academic Press |c 1979 | ||
| 650 | 0 | |a Álgebra |9 259567 | |
| 650 | 0 | |a Teoría de números |9 265327 | |
| 650 | 7 | |a ECUACIONES CUADRATICAS5DESCOMPOSICION ESPECTRAL |2 CL-VaPUC |9 430052 | |
| 650 | 7 | |a ESPACIOS DUALES |2 CL-VaPUC |9 430053 | |
| 583 | |a last modification |c 19990604 00:00:00 |k Rodrigo Vera | ||
| 490 | 0 | |a Advances in Mathematics Suplementary Studies, 6 | |
| 999 | |c 281447 |d 281445 | ||
| 952 | |0 0 |1 0 |4 0 |6 512_000000000000000_ROT_1979 |7 0 |8 A |9 322189 |a BIBMAT |b BIBMAT |d 2019-11-20 |i 1347004 |o 512 ROT 1979 |p 1347004 |r 2025-01-07 |w 2019-11-20 |y BK |k MAT | ||